000 00700nam a2200289Ia 4500
005 20260324141023.0
008 008 260324s9999 xx 000 0 eng d
020 _a9780429499258
037 _aEBOOK
040 _aCRL
040 _beng
040 _cCRL
041 _2eng
041 _aeng
084 _qCRL
100 _aScott Cummings
_91206619
245 0 _aLeft Behind In Rosedale
245 0 _bRace Relations And The Collapse Of Community Institutions
260 _bTaylor and Francis
260 _c1998
365 _a
365 _b230
856 _uhttp://www.taylorfrancis.com/books/9780429499258
942 _cEBOOK
999 _c1809277
_d1809277